MARC-detaljer
| 000 -LEADER |
| fixed length control field |
05910cam a2201201 i 4500 |
| 001 - CONTROL NUMBER |
| control field |
22410141 |
| 003 - CONTROL NUMBER IDENTIFIER |
| control field |
LIBRIS |
| 005 - DATE AND TIME OF LATEST TRANSACTION |
| control field |
20210616112651.0 |
| 008 - FIXED-LENGTH DATA ELEMENTS--GENERAL INFORMATION |
| fixed length control field |
180130s2018 sw |||||||||||000 f|swe|d |
| 020 ## - INTERNATIONAL STANDARD BOOK NUMBER |
| International Standard Book Number |
9789164205667 |
| Qualifying information |
pocket |
| 035 ## - SYSTEM CONTROL NUMBER |
| System control number |
(BOKR)9789164205667 |
| 040 ## - CATALOGING SOURCE |
| Original cataloging agency |
BOKR |
| Language of cataloging |
swe |
| Modifying agency |
L |
| Description conventions |
i |
| -- |
rda |
| 041 ## - LANGUAGE CODE |
| Language code of text/sound track or separate title |
swe |
| 082 04 - DEWEY DECIMAL CLASSIFICATION NUMBER |
| Classification number |
839.73 |
| Edition number |
22 (machine generated) |
| 084 ## - OTHER CLASSIFICATION NUMBER |
| Classification number |
Hc.01 |
| Number source |
kssb/8 |
| 100 1# - MAIN ENTRY--PERSONAL NAME |
| Personal name |
Engman, Pascal, |
| Dates associated with a name |
1986- |
| Relationship |
aut |
| Authority record control number or standard number |
https://libris.kb.se/hftx5zb119d1c2j#it |
| 245 10 - TITLE STATEMENT |
| Title |
Patrioterna / |
| Statement of responsibility, etc. |
Pascal Engman. |
| 264 #1 - PRODUCTION, PUBLICATION, DISTRIBUTION, MANUFACTURE, AND COPYRIGHT NOTICE |
| Place of production, publication, distribution, manufacture |
[Stockholm] : |
| Name of producer, publisher, distributor, manufacturer |
Piratförlaget, |
| Date of production, publication, distribution, manufacture, or copyright notice |
[2018] |
| 264 #3 - PRODUCTION, PUBLICATION, DISTRIBUTION, MANUFACTURE, AND COPYRIGHT NOTICE |
| Date of production, publication, distribution, manufacture, or copyright notice |
2018 |
| 300 ## - PHYSICAL DESCRIPTION |
| Extent |
466 sidor |
| Dimensions |
18 cm |
| 336 ## - CONTENT TYPE |
| Content type term |
text |
| Content type code |
txt |
| Source |
rdacontent |
| 337 ## - MEDIA TYPE |
| Media type term |
unmediated |
| Media type code |
n |
| Source |
rdamedia |
| 338 ## - CARRIER TYPE |
| Carrier type term |
volume |
| Carrier type code |
nc |
| Source |
rdacarrier |
| 500 ## - GENERAL NOTE |
| General note |
Originalupplaga 2017 |
| 500 ## - GENERAL NOTE |
| Institution to which field applies |
Hib |
| General note |
Ej fjärrlån |
| 650 #7 - SUBJECT ADDED ENTRY--TOPICAL TERM |
| Topical term or geographic name entry element |
Journalister |
| Authority record control number or standard number |
https://id.kb.se/term/sao/Journalister |
| Source of heading or term |
sao |
| 650 #7 - SUBJECT ADDED ENTRY--TOPICAL TERM |
| Topical term or geographic name entry element |
Journalists |
| Source of heading or term |
lcsh |
| 651 #7 - SUBJECT ADDED ENTRY--GEOGRAPHIC NAME |
| Geographic name |
Sverige |
| Geographic subdivision |
Stockholm |
| Authority record control number or standard number |
https://id.kb.se/term/sao/Sverige--Stockholm |
| Source of heading or term |
sao |
| 655 #7 - INDEX TERM--GENRE/FORM |
| Genre/form data or focus term |
Romaner |
| Authority record control number or standard number |
https://id.kb.se/term/saogf/Romaner |
| Source of term |
saogf |
| 655 #7 - INDEX TERM--GENRE/FORM |
| Genre/form data or focus term |
Thrillers |
| Authority record control number or standard number |
https://id.kb.se/term/saogf/Thrillers |
| Source of term |
saogf |
| 951 #s - EQUIVALENCE OR CROSS-REFERENCE--GEOGRAPHIC NAME/AREA NAME [OBSOLETE] [CAN/MARC only] |
| Linkage |
651 |
| Geographic name |
Stockholm |
| Geographic subdivision |
Stockholm |
| 887 ## - NON-MARC INFORMATION FIELD |
| Content of non-MARC field |
{"@id":"cwp51ptp18pw21d","modified":"2019-02-14T16:50:20.468+01:00","checksum":"140942072894"} |
| Source of data |
librisxl |
| 887 ## - NON-MARC INFORMATION FIELD |
| Content of non-MARC field |
{"@id":"8l71r2dd60pld3s9","modified":"2019-12-10T16:16:17.591+01:00","checksum":"182289235194"} |
| Source of data |
librisxl |
| 887 ## - NON-MARC INFORMATION FIELD |
| Content of non-MARC field |
{"@id":"37gxtf382xbz0ws","modified":"2021-04-09T14:16:25.906+02:00","checksum":"174542842836"} |
| Source of data |
librisxl |
| 887 ## - NON-MARC INFORMATION FIELD |
| Content of non-MARC field |
{"@id":"0bhdtsz8xc48nfnj","modified":"2020-04-20T17:16:13.295+02:00","checksum":"190281101572"} |
| Source of data |
librisxl |
| 887 ## - NON-MARC INFORMATION FIELD |
| Content of non-MARC field |
{"@id":"kwnrj2nrh0tg7rr3","modified":"2020-01-08T11:51:13.765+01:00","checksum":"191504619935"} |
| Source of data |
librisxl |
| 887 ## - NON-MARC INFORMATION FIELD |
| Content of non-MARC field |
{"@id":"4gbjlszz265pwzks","modified":"2020-02-04T15:16:19.117+01:00","checksum":"179333779675"} |
| Source of data |
librisxl |
| 887 ## - NON-MARC INFORMATION FIELD |
| Content of non-MARC field |
{"@id":"7h6m4270525kk46f","modified":"2018-07-19T11:43:41.56+02:00","checksum":"195388684955"} |
| Source of data |
librisxl |
| 887 ## - NON-MARC INFORMATION FIELD |
| Content of non-MARC field |
{"@id":"r3qnt7qwpnjf9b3z","modified":"2019-12-11T16:16:13.111+01:00","checksum":"171217559207"} |
| Source of data |
librisxl |
| 887 ## - NON-MARC INFORMATION FIELD |
| Content of non-MARC field |
{"@id":"hqb75tqqf28pqln2","modified":"2018-06-18T11:32:32.389+02:00","checksum":"192303296749"} |
| Source of data |
librisxl |
| 887 ## - NON-MARC INFORMATION FIELD |
| Content of non-MARC field |
{"@id":"37gx0p985hkl90c","modified":"2018-06-25T15:11:45.367+02:00","checksum":"172211671510"} |
| Source of data |
librisxl |
| 887 ## - NON-MARC INFORMATION FIELD |
| Content of non-MARC field |
{"@id":"v6fxh00rsp8752d5","modified":"2020-05-04T17:16:18.304+02:00","checksum":"188170045633"} |
| Source of data |
librisxl |
| 887 ## - NON-MARC INFORMATION FIELD |
| Content of non-MARC field |
{"@id":"q3wn2zdmnmvr0qqs","modified":"2020-10-02T09:16:23.695+02:00","checksum":"173758037979"} |
| Source of data |
librisxl |
| 887 ## - NON-MARC INFORMATION FIELD |
| Content of non-MARC field |
{"@id":"2d62tmsg0nh9xnlb","modified":"2020-01-15T11:16:25.026+01:00","checksum":"199975085810"} |
| Source of data |
librisxl |
| 887 ## - NON-MARC INFORMATION FIELD |
| Content of non-MARC field |
{"@id":"mwfz4rttkf3dzwbc","modified":"2019-02-14T16:52:19.464+01:00","checksum":"191907572098"} |
| Source of data |
librisxl |
| 887 ## - NON-MARC INFORMATION FIELD |
| Content of non-MARC field |
{"@id":"dqd3k33dbbgj8xjh","modified":"2019-12-18T11:00:11.795+01:00","checksum":"192693467005"} |
| Source of data |
librisxl |
| 887 ## - NON-MARC INFORMATION FIELD |
| Content of non-MARC field |
{"@id":"37gxxq081l9dcq5","modified":"2018-06-11T15:11:32.729+02:00","checksum":"180893729943"} |
| Source of data |
librisxl |
| 887 ## - NON-MARC INFORMATION FIELD |
| Content of non-MARC field |
{"@id":"t5mpcqf1rmbz6kc9","modified":"2020-07-09T12:16:21.269+02:00","checksum":"176095358117"} |
| Source of data |
librisxl |
| 887 ## - NON-MARC INFORMATION FIELD |
| Content of non-MARC field |
{"@id":"5h3412wh3sk7mlbd","modified":"2019-11-25T14:16:24.968+01:00","checksum":"189312759089"} |
| Source of data |
librisxl |
| 887 ## - NON-MARC INFORMATION FIELD |
| Content of non-MARC field |
{"@id":"tz6nnmj025z8791","modified":"2018-05-28T16:21:57+02:00","checksum":"162579024073"} |
| Source of data |
librisxl |
| 887 ## - NON-MARC INFORMATION FIELD |
| Content of non-MARC field |
{"@id":"lwd82jcxjjj3qrft","modified":"2019-10-28T15:06:22.89+01:00","checksum":"195847446350"} |
| Source of data |
librisxl |
| 887 ## - NON-MARC INFORMATION FIELD |
| Content of non-MARC field |
{"@id":"pt2jjllv2hgwpdd","modified":"2018-06-25T11:55:38.269+02:00","checksum":"169644889740"} |
| Source of data |
librisxl |
| 887 ## - NON-MARC INFORMATION FIELD |
| Content of non-MARC field |
{"@id":"3c8rx2xr17dvfsn8","modified":"2018-09-10T08:05:21.97+02:00","checksum":"161846989933"} |
| Source of data |
librisxl |
| 942 ## - ADDED ENTRY ELEMENTS (KOHA) |
| Source of classification or shelving scheme |
Other/Generic Classification Scheme |
| Koha item type |
Bok |